Loading...

Structure of economics : a mathematical analysis /

Bibliographic Details
Main Author: Silberberg, Eugene
Format: Printed Book
Language:English
Published: New York: Mc Graw Hill, 1978.
LEADER 00519 a2200121 4500
008 100208b ||||| |||| 00| 0 eng d
082 |a 330.0151 
100 |a Silberberg, Eugene. 
245 |a Structure of economics :   |b a mathematical analysis / 
260 |b Mc Graw Hill,  |a New York:  |c 1978. 
942 |c BK 
999 |c 312768  |d 312768 
952 |0 0  |1 0  |2 ddc  |4 0  |6 330_000000000000000__0151_SIL_S  |7 0  |9 358869  |a ECN  |b ECN  |c ST1  |d 2010-09-07  |e Current Technical Litterature Co., Madras  |g 0.00  |i 3279  |l 0  |o 330. 0151 SIL/S  |p ECN3279  |r 2010-09-07  |w 2010-09-07  |y BK